|
|
|
|
| LEADER |
00000nam a2200000 a 4500 |
| 001 |
vtls010280803 |
| 003 |
SK-MaSNL |
| 005 |
20260302011751.0 |
| 008 |
240315s2011 xo d d p 000 0 eng |
| 015 |
|
|
|a SNBA2011/08-04335
|
| 020 |
|
|
|a 9788022734899
|q (brož.)
|
| 035 |
|
|
|a C2DC450F-6D73-4670-9B31-529B58D862BF
|
| 035 |
|
|
|a urn:nbn:sk:snk-amjxfl
|
| 035 |
|
|
|a urn:nbn:sk:snk-am007zpu
|
| 040 |
|
|
|a SNK
|b slo
|c SNK
|e AACR2
|
| 041 |
0 |
|
|a eng
|
| 044 |
|
|
|a xo
|c SK
|
| 072 |
|
7 |
|a 51
|x Matematika
|2 konspekt
|
| 080 |
|
|
|a 51
|2 2001
|
| 080 |
|
|
|a (075.8)
|2 2001
|
| 100 |
1 |
|
|a Šiagiová, Jana
|4 aut
|9 594854
|
| 245 |
1 |
0 |
|a Advanced mathematics
|p textbook
|c Jana Šiagiová
|
| 250 |
|
|
|a 1. vyd., dotl.
|
| 260 |
|
|
|a V Bratislave
|b Slovenská technická univerzita
|c 2011
|
| 300 |
|
|
|a 73 s.
|b grafy
|c 29 cm
|
| 490 |
1 |
|
|a Edícia skrípt
|
| 500 |
|
|
|a Tir. slov.
|
| 650 |
0 |
7 |
|a matematika
|2 SNKPH
|9 70174
|
| 650 |
0 |
7 |
|a Mathematics
|2 SNKPHeng
|9 265620
|
| 655 |
|
7 |
|a učebnice vysokých škôl
|2 SNKPH
|9 70191
|
| 655 |
|
7 |
|a Textbooks (higher)
|2 SNKPHeng
|9 276436
|
| 810 |
2 |
|
|a Slovenská technická univerzita v Bratislave
|t Edícia skrípt
|9 180632
|
| 852 |
|
|
|a Štátna vedecká knižnica v Banskej Bystrici
|
| 919 |
|
|
|a 978-80-227-3489-9
|
| 968 |
|
|
|d 51
|
| 999 |
|
|
|c 1007336
|d 1009266
|
| 952 |
|
|
|a SNK
|b SNK
|y PREZ
|7 0
|p 17A0703561
|o snkSB 81522
|i snk2011/12016
|8 0
|0 0
|1 0
|4 0
|d 2011-05-24
|f 1
|l 0
|r 2025-05-05 00:00:00
|w 2026-02-24
|
| 952 |
|
|
|a SNK
|b SNK
|y VYP
|7 0
|p 17A0703562
|o snkSB 81522 D1
|i snk2011/12017
|8 0
|0 0
|1 0
|4 0
|d 2011-05-24
|l 0
|r 2016-06-30 00:00:00
|w 2026-02-24
|